Pani Zdislava z Lemberka. /

Uložené v:
Podrobná bibliografia
Hlavný autor: Caban, Peter (Author)
Médium: Kniha
Jazyk:Slovak
Vydané: Banská Bystrica : Relipress, 1993
Vydanie:1. vyd.
Témy:
ISBN: 8096695312 (brož.)
Fyzický popis: 33 s.
Tagy: Pridať tag
Žiadne tagy, Buďte prvý kto otaguje tento záznam!

MARC

LEADER 00000nam a2200000 a 4500
001 000073939
003 SVKK
005 20010430000000.0
008 001003s1993 xo e sloo
020 |a 8096695312 (brož.) 
040 |a SVKKK  |b slo  |c SVKKK  |e AACR2 
041 0 |a slo 
044 |a xo  |c SK 
080 |a 235.3  |2 1997 
080 |a 929 Zdislava z Lemberka  |2 1997 
100 1 |a Caban, Peter  |4 aut 
245 1 0 |a Pani Zdislava z Lemberka. /  |c Peter Caban 
250 |a 1. vyd. 
260 |a Banská Bystrica :  |b Relipress,  |c 1993 
300 |a 33 s. 
653 0 |a Zdislava z Lemberka, sv., 1220-1252  |2 SVKKKPH 
653 0 |a svätci  |2 SVKKKPH 
653 0 |a životopisy  |2 SVKKKPH 
655 7 |a biografie  |2 SVKKKPH 
910 |a svkkk 
919 |a 80-966953-1-2 
974 |a UH  |d 20001003 
974 |a PA  |d 20001003 
974 |a PA  |d 20010430 
998 |a BK 
090 |g SCKHL  |k Sklad Hlavná 10 prízemie  |a I.64998  |j 866152  |i 2720379611  |s Absenčne